Top 100 des plus grandes villes du Mexique - Statistiques

Statistiques générales
  • Ce quiz a été pris 49 fois
  • Le résultat moyen est 13 sur 100
Statistiques - réponses
Population Villes % Correct
9 170 000 Mexico
100%
888 797 Cancún
82%
1 142 952 Monterrey
79%
1 385 621 Guadalajara
77%
1 810 645 Tijuana
77%
6 730 469 Puebla
72%
658 609 Acapulco
69%
892 363 Mérida
67%
2 143 539 Ciudad Juárez
62%
3 777 484 Chihuahua
59%
1 579 803 León
51%
854 186 Mexicali
46%
2 862 951 San Luis Potosí
41%
863 893 Aguascalientes
38%
223 876 Toluca
33%
1 863 195 Durango
31%
42 264 Guanajuato
31%
942 597 Campeche
26%
855 563 Hermosillo
26%
864 431 Saltillo
23%
202 694 Cabo San Lucas
21%
690 193 Torreón
21%
56 494 Valladolid
18%
578 830 Tuxtla Gutiérrez
15%
684 847 Villahermosa
15%
443 063 Xalapa
15%
1 257 547 Zapopan
15%
504 367 Matamoros
13%
416 055 Nuevo Laredo
13%
589 466 Reynosa
13%
744 421 Colima
10%
1 228 654 Nezahualcóyotl
10%
371 387 Tepic
10%
169 028 Chetumal
8%
139 075 Córdoba
8%
191 238 Ciudad del Carmen
5%
261 137 Nogales
5%
111 975 Ciudad Guzmán
3%
212 540 Coatzacoalcos
3%
101 336 Minatitlán
3%
348 156 Tapachula
3%
299 523 Uruapan
3%
24 493 Álamos
0%
52 927 Alvarado
0%
31 687 Amecameca de Juárez
0%
18 480 Anáhuac
0%
77 831 Atlacomulco
0%
31 560 Cananea
0%
310 130 Chalco de Díaz Covarrubias
0%
46 776 Chiautempan
0%
160 225 Ciudad Acuña
0%
14 606 Ciudad Hidalgo
0%
19 997 Ciudad Miguel Alemán
0%
281 799 Ciudad Nicolás Romero
0%
64 055 Colonia del Sol
0%
20 888 Comala
0%
61 658 Cortazar
0%
36 400 El Refugio
0%
24 241 El Salto
0%
443 807 Ensenada
0%
143 281 Fresnillo
0%
454 967 General Escobedo
0%
635 862 Guadalupe
0%
320 000 Guasave
0%
132 854 Iguala
0%
452 090 Irapuato
0%
174 629 Jiutepec
0%
19 606 Lerdo de Tejada
0%
70 378 Linares
0%
14 724 Loreto
0%
67 428 Montemorelos
0%
22 835 Naolinco
0%
26 304 Ojinaga
0%
173 959 Piedras Negras
0%
15 255 Purépero de Echáiz
0%
100 660 Rosarito
0%
37 203 Salvatierra
0%
16 899 San Blas Atempa
0%
38 589 San Felipe
0%
293 245 San Francisco Coacalco
0%
71 139 San Francisco del Rincón
0%
136 285 San José del Cabo
0%
176 685 San Luis Río Colorado
0%
412 199 San Nicolás de los Garza
0%
70 224 San Pablo del Monte
0%
132 128 San Pedro Garza García
0%
304 052 Santa Catarina
0%
74 242 Silao
0%
38 797 Suchiate
0%
52 217 Taxco
0%
108 860 Tecate
0%
41 278 Teocaltiche
0%
36 145 Tepoztlán
0%
650 123 Tlaquepaque
0%
131 567 Tultepec
0%
520 557 Tultitlán
0%
154 600 Túxpam de Rodríguez Cano
0%
37 737 Tuxtla Chico
0%
52 641 Villa de Allende
0%
186 102 Zamora
0%
Aucun quiz correspondant
Distribution des résultats
% des personnes avec chaque résultat
Percentile par nombre de réponses
Votre historique - résultats
Vous n’avez pas pris ce quiz